The hidden girl / (Record no. 3749)

MARC details
000 -LEADER
fixed length control field 00832nam a22002417a 4500
001 - CONTROL NUMBER
control field 3749
003 - CONTROL NUMBER IDENTIFIER
control field FISKH
005 - DATE AND TIME OF LATEST TRANSACTION
control field 20240429104139.0
008 - FIXED-LENGTH DATA ELEMENTS--GENERAL INFORMATION
fixed length control field 240429b cb ||||| |||| 00| 0 eng d
040 ## - CATALOGING SOURCE
Original cataloging agency FISK
Language of cataloging eng
Transcribing agency FISK
Modifying agency FISK
050 ## - LIBRARY OF CONGRESS CALL NUMBER
Classification number DS134.R67
082 ## - DEWEY DECIMAL CLASSIFICATION NUMBER
Classification number 940.5318092
100 ## - MAIN ENTRY--PERSONAL NAME
Personal name Kaufman Rein Lola
Dates associated with a name 1934-
245 ## - TITLE STATEMENT
Title The hidden girl /
Remainder of title A True Story of the Holocaust,
Statement of responsibility, etc. Lola Rein Kaufman
260 ## - PUBLICATION, DISTRIBUTION, ETC.
Place of publication, distribution, etc. New York :
Name of publisher, distributor, etc. Scholastic,
Date of publication, distribution, etc. 2010
300 ## - PHYSICAL DESCRIPTION
Extent 97 pages :
Dimensions 20 cm
505 ## - FORMATTED CONTENTS NOTE
Formatted contents note M
520 ## - SUMMARY, ETC.
Summary, etc. After deciding to donate the dress her mother had made for her to a museum, Lola Rein Kaufman, survivor of the Nazi Holocaust, decides that it is finally time to speak publicly about her experiences.
521 8# - TARGET AUDIENCE NOTE
Target audience note 750
Source Lexiles
700 ## - ADDED ENTRY--PERSONAL NAME
Personal name Lola Rein Kaufman
942 ## - ADDED ENTRY ELEMENTS (KOHA)
Source of classification or shelving scheme Library of Congress Classification
Koha item type Books
Suppress in OPAC No
Holdings
Withdrawn status Lost status Source of classification or shelving scheme Damaged status Not for loan Collection Home library Current library Shelving location Date acquired Total Checkouts Full call number Barcode Date last seen Date last checked out Copy number Price effective from Koha item type
    Library of Congress Classification     Fiction Footprints International School Library Network Toul Kork Campus Footprints International School Library Network Toul Kork Campus TTP Secondary Fiction Bookshelves 04/29/2024 1 KAU DS134.R67 940.5318092 2024-0549 02/03/2026 01/27/2026 1 04/29/2024 Books